Memoria del monumento que se erige en Madrid a la patria española personificada en el Rey D. Alfonso XII / (Record no. 75395)

MARC details
000 -LEADER
campo de control de longitud fija 00645nam a2200181 i 4500
001 - NÚMERO DE CONTROL
campo de control 75395
003 - IDENTIFICADOR DE NÚMERO DE CONTROL
campo de control ES-MaACL
005 - FECHA Y HORA DE LA ÚLTIMA TRANSACCIÓN
campo de control 20230906172433.0
007 - CAMPO FIJO DE DESCRIPCIÓN FÍSICA--INFORMACIÓN GENERAL
campo de control de longitud fija t|
008 - DATOS DE LONGITUD FIJA--INFORMACIÓN GENERAL
campo de control de longitud fija 040924s1902 sp ||||1| spa d
100 1# - ENTRADA PRINCIPAL--NOMBRE DE PERSONA
Nombre de persona Grases Riera, José.
9 (RLIN) 59690
245 10 - MENCIÓN DEL TÍTULO
Título Memoria del monumento que se erige en Madrid a la patria española personificada en el Rey D. Alfonso XII /
Mención de responsabilidad, etc. [José Grases Riera].
260 ## - PUBLICACIÓN, DISTRIBUCIÓN, ETC.
Lugar de publicación, distribución, etc. Madrid :
Nombre del editor, distribuidor, etc. [s.n.],
Fecha de publicación, distribución, etc. 1902 (
Fabricante M. Romero)
300 ## - DESCRIPCIÓN FÍSICA
Extensión 31 p., 1 lám. ;
Dimensiones 23 cm.
600 14 - PUNTO DE ACCESO ADICIONAL DE MATERIA--NOMBRE DE PERSONA
Nombre de persona Alfonso
Numeración XII
Títulos y otros términos asociados al nombre Rey de España-
Subdivisión general Monumentos.
9 (RLIN) 148027
852 ## - LOCALIZACIÓN
Ubicación ES-MaACL
Número de control de estantería L-4907(14-7)
Nota libre .- Donativo Roda
852 ## - LOCALIZACIÓN
Ubicación ES-MaACL
Número de control de estantería T-1059-F-5
Holdings
Estatus retirado Estado de pérdida Estado de daño No para préstamo Biblioteca de origen Biblioteca actual Ubicación en estantería Fecha de adquisición Fuente de adquisición Total de préstamos Signatura topográfica completa Código de barras Visto por última vez Precio de reemplazo Tipo de ítem Koha Colección
        Biblioteca del Ateneo de Madrid Biblioteca del Ateneo de Madrid Depósito 2 17/01/2008     L-4907(14-7) 1078913 23/02/2023 23/02/2023 Libro impreso  
        Biblioteca del Ateneo de Madrid Biblioteca del Ateneo de Madrid Depósito folletos 22/09/2011     T-1059-F-5 1188209 23/02/2023 23/02/2023 Folleto Colección de folletos